La Ciudad desaparece

Gorde:
Xehetasun bibliografikoak
Egile nagusia: Catania, Carlos
Formatua: Liburua
Hizkuntza:Undetermined
Argitaratua: San José, Costa Rica Editorial Costa Rica 1978
Gaiak:
Etiketak: Etiketa erantsi
Etiketarik gabe, Izan zaitez lehena erregistro honi etiketa jartzen!

MARC

LEADER 00000nam a2200000Ia 4500
008 170316s9999 xx 000 0 und d
040 |a cru BVZT 
090 |a 868 C-12c 
100 |a Catania, Carlos  |9 528 
245 |a La Ciudad desaparece  |c / Carlos Catania 
260 |a San José, Costa Rica  |b Editorial Costa Rica  |c 1978 
300 |a 203 páginas 
650 |a LITERATURA COSTARRICENSE  |9 17 
999 |c 10787  |d 10787 
942 |c 15 D  |h 868 C-12c  |2 z